Campeões Mundiais de Valorant - Statistics

Estatísticas Gerais
  • Esse quiz foi jogado 199 vezes
  • A pontuação média é 17 de 35
Estatísticas das Respostas
Resposta % Correto
aspas
97%
Sacy
94%
pANcada
92%
saadhak
92%
Less
91%
TenZ
79%
yay
76%
Derke
75%
Boaster
70%
FNS
70%
Leo
66%
Victor
66%
Chronicle
65%
Chronicle
65%
Alfajer
64%
Marved
60%
crashies
57%
ShahZam
42%
cNed
36%
zombs
36%
ardiis
35%
nAts
33%
SUYGETSU
28%
Sick
25%
dapr
21%
ANGE1
19%
Redgar
19%
Shao
17%
D3FFO
15%
zeek
15%
Zyppan
15%
Sheydos
14%
BONECOLD
13%
starxo
13%
Kiles
9%
Nenhum quiz correspondente encontrado
Distribuição das Pontuações
Porcentagem de Pessoas com Cada Pontuação
Percentil de Números Respondidos
Sua Pontuação Histórica
Você não jogou esse quiz